The Mikado /

The parody of British Victorian life, spiced with the usual topical allusions to English customs and institutions, set in a Japanese Never-Never Land.

Bibliographic Details
Main Author: Sullivan, Arthur, 1842-1900 (Composer)
Corporate Authors: Opera Australia. Chorus (Performer), Elizabethan Sydney Orchestra (Australia) (Performer), Opera Australia (Performer), Orchestra Victoria (Performer), Sydney Opera House, Australian Broadcasting Corporation, Opus Arte (Firm)
Other Authors: Gilbert, W. S. (William Schwenck), 1836-1911 (Librettist), Lumsden, Virginia (Producer), Renshaw, Christopher (Director), Greene, Andrew (Conductor), McDonald, Anne-Maree (Performer), Cousens, Peter (Performer), Begg, Heather (Performer)
Format: Video DVD
Language:English
Language Notes:Sung in English with English, French, German, Spanish and Italian subtitles.
Published: Waldron, Heathfield, East Sussex : Opus Arte, [2011]
Series:Faveo (Opus Arte (Firm))
Subjects:

MARC

Tag First Indicator Second Indicator Subfields
LEADER 00000cgm a2200000Ia 4500
001 in00002786475
005 20151202172142.0
007 vd cvaizs
008 121219p20111987enk151 vleng d
024 1 |a 809478040019 
028 4 2 |a OAF4001D  |b Opus Arte 
035 |a (OCoLC)ocn822038478 
035 |a (OCoLC)822038478 
040 |a TXA  |c TXA  |d UtOrBLW 
041 0 |a eng  |j eng 
043 |a e-uk--- 
049 |a TXAM 
090 |a M1500.S95  |b M55 2011b 
245 0 4 |a The Mikado /  |c from the Sydney Opera House ; an Australian Opera and Australian Broadcasting Corporation presentation ; [libretto] by W.S. Gilbert & [music by] Arthur Sullivan ; director, Christopher Renshaw ; produced for television in association with the Australian Broadcasting Corporation ; produced & directed by Virginia Lumsden. 
264 1 |a Waldron, Heathfield, East Sussex :  |b Opus Arte,  |c [2011] 
300 |a 1 videodisc (approximately 151 min.) :  |b sound, color ;  |c 4 3/4 in. 
336 |a two-dimensional moving image  |b tdi  |2 rdacontent 
337 |a video  |b v  |2 rdamedia 
338 |a videodisc  |b vd  |2 rdacarrier 
490 0 |a Gilbert & Sullivan collection 
490 1 |a Faveo 
538 |a DVD-9; NTSC; all regions; aspect ratio: 4:3; LPCM stereo sound format. 
546 |a Sung in English with English, French, German, Spanish and Italian subtitles. 
511 0 |a Performers: Anne-Maree McDonald, Peter Cousens, Heather Begg, Elizabethan Sydney Orchestra ; Australian Opera Chorus ; conductor: Andrew Greene. 
508 |a Set and costumes, Tim Goodchild; choreographer, Carole Todd. 
500 |a Originally broadcast on television in 1987. 
518 |a Recorded live at the Sydney Opera House, Feburary 25, 1987. 
520 |a The parody of British Victorian life, spiced with the usual topical allusions to English customs and institutions, set in a Japanese Never-Never Land. 
500 |a Program notes inserted in container. 
500 |a Videorecording. 
651 0 |a Great Britain  |x History  |y Victoria, 1837-1901  |v Drama. 
650 0 |a Operas. 
650 0 |a Musical parodies. 
655 7 |a Filmed operettas.  |2 lcgft 
655 7 |a Filmed operas.  |2 lcgft 
655 7 |a Televised operas.  |2 lcgft 
655 7 |a Video recordings for the hearing impaired.  |2 lcgft 
700 1 |a Sullivan, Arthur,  |d 1842-1900,  |e composer. 
700 1 |a Gilbert, W. S.  |q (William Schwenck),  |d 1836-1911,  |e librettist. 
700 1 |a Sullivan, Arthur,  |d 1842-1900.  |t Mikado. 
700 1 |a Lumsden, Virginia,  |e producer. 
700 1 |a Renshaw, Christopher,  |e director. 
700 1 |a Greene, Andrew,  |e conductor. 
700 1 |a McDonald, Anne-Maree,  |e performer. 
700 1 |a Cousens, Peter,  |e performer. 
700 1 |a Begg, Heather,  |e performer. 
710 2 |a Opera Australia.  |b Chorus,  |e performer. 
710 2 |a Elizabethan Sydney Orchestra (Australia),  |e performer. 
710 2 |a Opera Australia,  |e performer. 
710 2 |a Orchestra Victoria,  |e performer. 
710 2 |a Sydney Opera House. 
710 2 |a Australian Broadcasting Corporation. 
710 2 |a Opus Arte (Firm) 
830 0 |a Faveo (Opus Arte (Firm)) 
948 |a cataloged  |b h  |c 2012/12/19  |d o  |e tchubaryan  |f 1:47:04 pm 
994 |a C0  |b TXA 
999 |a MARS 
999 f f |s 0e017eaa-5617-3c2e-8a92-bc746a7eebdf  |i 9fc4e32f-e613-34ee-aa8d-31620f05b198  |t 0 
952 f f |p dvd  |a Texas A&M University  |b College Station  |c Sterling C. Evans Library  |d Evans: Media and Reserves (Annex 1st floor)  |t 0  |e M1500.S95 M55 2011b  |h Library of Congress classification  |i video -- videodisc  |m A14841593946 
998 f f |a M1500.S95 M55 2011b  |t 0  |l Evans: Media and Reserves (Annex 1st floor)